000 00460nam a2200181 a 4500
001 13465
003 CO-ViMGA
008 141112s2004 ck r 000 u spa d
020 _a8482360418
040 _aCO-ViMGA
_bspa
_cCO-ViMGA
082 0 4 _a745.5 S654m
100 1 _aSolga, Kim
_919624
245 1 0 _aManualidades
260 _aBarcelona :
_bIdea Books,
_c1998
300 _a48 : ils
490 _aBiblioteca Escolar de Arte y Actividades
942 _2ddc
_cBK
999 _c24194
_d24194